I See Red - Everybody Loves An Outlaw - All Lyrics - Statistics

General Stats
  • This quiz has been taken 63 times
  • The average score is 156 of 214
Answer Stats
Answer % Correct
I
100%
a
93%
A
93%
oh
93%
Oh,
93%
red,
93%
red
93%
see
93%
you
93%
You,
93%
you,
93%
Your
93%
your
93%
no
90%
and
88%
so
83%
to
83%
with
83%
head,
81%
head
81%
wannabe
81%
for
79%
in
79%
go
76%
gun
74%
is
74%
think
74%
You're
74%
You’re
74%
you're
74%
all
71%
All
71%
be
71%
Did
71%
forget,
71%
forgive
71%
her
71%
just
71%
really
71%
After
69%
that
69%
when
69%
if
67%
let
67%
run
67%
Run,
67%
I’d
64%
I'd
64%
should
64%
this
64%
catching
62%
cold,
62%
cold
62%
fool
62%
it
62%
lie
62%
thought
62%
won't
62%
cheap
60%
Now
60%
now
60%
style,
60%
blood
57%
there
57%
Don’t
55%
Know
55%
know
55%
lying,
55%
better
52%
Better
52%
dead
52%
say
52%
she
52%
didn't
48%
mean
48%
two-timing,
48%
anything,
45%
but
45%
off
45%
I’ll
43%
Executioner
40%
eye
40%
one
40%
open
40%
trial
40%
grave,
38%
own
38%
sleep
36%
best
33%
dish
33%
soul,
33%
soul
33%
tonight
33%
come
31%
cruel,
31%
dug
31%
served
31%
hide
29%
remember
29%
revenge
29%
words
29%
done
26%
those
26%
No matching quizzes found
Score Distribution
Percent of People with Each Score
Percentile by Number Answered
Your Score History
You have not taken this quiz